000 00660nam a2200193 4500
008 161203b xxu||||| |||| 00| 0 eng d
020 _a0-275-96634-8
082 _22000
_aDC 612.82
_bSt7m
100 _918056
_aStover, David
245 _aA mind for tomorrow :
_bfacts, values, and the future /
_cDavid Stover and Erika Erdmann.
260 _aWestport, Connecticut :
_bPraeger,
_c2000.
300 _axvii, 203 pages ;
_c25 cm.
500 _aIncludes bibliographical references and index.
650 0 _918057
_aConsciousness
650 0 _918058
_aSplit brain
650 0 _918059
_aReligion and science
700 _918060
_aErdmann, Erika
942 _2ddc
_cDC
999 _c5952
_d5952